000 01499cam a2200337 a 4500
999 _c6575
_d6575
001 14683548
003 OSt
005 20200204124825.0
008 061229r20071970nyua b 001 0 eng
010 _a 2006053472
020 _a0486458679 (pbk.)
020 _a9780486458670 (pbk.)
035 _a(OCoLC)ocm77708371
035 _a(OCoLC)77708371
040 _aDLC
_cDLC
_dYDX
_dBAKER
_dBTCTA
_dYDXCP
_dDLC
041 1 _aeng
_hger
082 0 0 _a519.2
_222
_bREN 2007
100 1 _aRényi, Alfréd.
_913517
245 1 0 _aProbability theory /
_cA. Rényi.
250 _aDover ed.
260 _aMineola, N.Y. :
_bDover Publications,
_c2007.
300 _a666 p. :
_bill. ;
_c22 cm.
500 _a"This Dover edition, first published in 2007, is an unabridged republication of the work published jointly by North-Holland Publishing Company, Amsterdam, and Akadémiai Kiadó, Publishing House of the Hungarian Academy of Sciences, Budapest, in 1970. This book is the enlarged version of Wahrscheinlichkeitsrechnung ... [et al.]."--T.p. verso.
504 _aIncludes bibliographical references (p. [645]-660) and index.
650 0 _aProbabilities.
_92821
650 0 _aInformation theory.
_913518
856 4 2 _3Publisher description
_uhttp://www.loc.gov/catdir/enhancements/fy0705/2006053472-d.html
906 _a7
_bcbc
_corignew
_d1
_eocip
_f20
_gy-gencatlg
942 _2ddc
_cO_SHELF